000 00307nam a2200109Ia 4500
008 220204s9999 xx 000 0 und d
082 _aNR:339.13(595)
_bMAR.11
245 0 _aMarketing Malaysian rubber products overseas. V 11. Eire
260 _aKuala Lumpur
_bMRRDB
_c1979
505 _aset price
942 _cBK
999 _c34266
_d34266